[Event "8th HD Bank Cup 2018"]
[Site "Hanoi VIE"]
[Date "2018.03.14"]
[Round "8.33"]
[White "Diu, Viacheslav"]
[Black "Nguyen, Van Hai"]
[Result "1/2-1/2"]
[WhiteTitle "IM"]
[BlackTitle "IM"]
[WhiteElo "2426"]
[BlackElo "2335"]
[WhiteFideId "4167465"]
[BlackFideId "12400122"]
[EventDate "2018.03.10"]

1. d4 Nf6 2. c4 g6 3. Nc3 d5 4. cxd5 Nxd5 5. e4 Nxc3 6. bxc3 Bg7 7. Nf3 c5 8.
Rb1 cxd4 9. cxd4 O-O 10. Be2 Qa5+ 11. Qd2 Qxd2+ 12. Bxd2 b6 13. O-O Bb7 14. d5
Na6 15. Rfc1 Rac8 16. Be3 Rfd8 17. Nd4 Nc5 18. Bg4 f5 19. exf5 Bxd4 20. Bxd4
Rxd5 21. Be3 gxf5 22. Bf3 Ne4 23. Rxc8+ Bxc8 24. Rc1 Be6 25. Rc7 Rd7 26. Rxd7
Bxd7 27. Bxe4 fxe4 1/2-1/2

[Event "8th HD Bank Cup 2018"]
[Site "Hanoi VIE"]
[Date "2018.03.14"]
[Round "8.34"]
[White "Tu, Hoang Thong"]
[Black "Tokhirjonova, Gulrukhbegim"]
[Result "1-0"]
[WhiteTitle "GM"]
[BlackTitle "WGM"]
[WhiteElo "2414"]
[BlackElo "2318"]
[WhiteFideId "12400076"]
[BlackFideId "14203626"]
[EventDate "2018.03.10"]

1. b3 e5 2. Bb2 Nc6 3. e3 Nf6 4. Bb5 Bd6 5. Na3 e4 6. Ne2 O-O 7. Ng3 Be5 8. Qc1
Bxb2 9. Qxb2 Ne7 10. f3 d5 11. fxe4 dxe4 12. O-O-O Ng6 13. Be2 Qe7 14. Rdf1 a5
15. h4 h6 16. h5 Ne5 17. Rf4 a4 18. b4 Rd8 19. Nxe4 Nd5 20. Rfh4 Bf5 21. Nc3 Nb6
22. Rf4 Be6 23. Rhf1 Kh8 24. Re4 Qd6 25. d3 f6 26. g4 Bg8 27. Ncb5 Qd7 28. Nd4
Nd5 29. Nf5 Qc6 30. b5 Qc3 31. Nb1 Qa5 32. a3 Re8 33. c4 Nb6 34. Nd2 Rad8 35. g5
Rxd3 36. gxf6 Nbxc4 37. fxg7+ Kh7 38. Nxc4 Rc3+ 39. Kd1 Bxc4 40. Bxc4 Rd8+ 41.
Ke2 Nxc4 42. Rxc4 Rxc4 43. Qf6 Qd2+ 44. Kf3 Qd5+ 45. Kg3 Rd6 46. Nxd6 Qxd6+ 47.
Qxd6 cxd6 48. Rf7 b6 49. Rf6 Kxg7 50. Rg6+ Kh7 51. Rxd6 Rc3 52. Kf4 Rxa3 53.
Rxb6 1-0

[Event "8th HD Bank Cup 2018"]
[Site "Hanoi VIE"]
[Date "2018.03.14"]
[Round "8.35"]
[White "Piasetski, Leon"]
[Black "Akshat, Khamparia"]
[Result "1/2-1/2"]
[WhiteTitle "IM"]
[BlackTitle "IM"]
[WhiteElo "2258"]
[BlackElo "2408"]
[WhiteFideId "2600072"]
[BlackFideId "5016541"]
[EventDate "2018.03.10"]

1. Nf3 Nf6 2. c4 g6 3. b3 Bg7 4. Bb2 O-O 5. e3 d6 6. d4 e5 7. dxe5 Nfd7 8. Be2
Nc6 9. O-O Ndxe5 10. Nxe5 Nxe5 11. Nc3 Re8 1/2-1/2

[Event "8th HD Bank Cup 2018"]
[Site "Hanoi VIE"]
[Date "2018.03.14"]
[Round "8.37"]
[White "Pham, Le Thao Nguyen"]
[Black "Lu, Chan Hung"]
[Result "0-1"]
[WhiteTitle "IM"]
[BlackTitle "IM"]
[WhiteElo "2354"]
[BlackElo "2181"]
[WhiteFideId "12401226"]
[BlackFideId "12402508"]
[EventDate "2018.03.10"]

1. d4 d5 2. Nf3 Nf6 3. c4 c6 4. Nc3 a6 5. c5 g6 6. g3 Bg7 7. Bg2 O-O 8. O-O Nbd7
9. Na4 Re8 10. Bf4 Nh5 11. Be3 e5 12. dxe5 Nxe5 13. Nb6 Rb8 14. Bd4 Nxf3+ 15.
Bxf3 Bh3 16. Re1 Bxd4 17. Qxd4 Ng7 18. b4 Ne6 19. Qb2 h5 20. Rad1 Ng5 21. Bh1
Qe7 22. Qc3 Rbd8 23. a3 Kh7 24. Qd4 Ne6 25. Qe5 f6 26. Qc3 Ng5 27. Rd4 Qe6 28.
f4 Nf7 29. Kf2 0-1

[Event "8th HD Bank Cup 2018"]
[Site "Hanoi VIE"]
[Date "2018.03.14"]
[Round "8.38"]
[White "Wang, Jue"]
[Black "Raja, Rithvik R"]
[Result "1/2-1/2"]
[WhiteTitle "WGM"]
[BlackTitle "FM"]
[WhiteElo "2354"]
[BlackElo "2227"]
[WhiteFideId "8604070"]
[BlackFideId "35007394"]
[EventDate "2018.03.10"]

1. e4 e5 2. Nf3 Nf6 3. Nxe5 d6 4. Nf3 Nxe4 5. d4 d5 6. Bd3 Nc6 7. O-O Be7 8. c4
Nb4 9. Be2 O-O 10. a3 Nc6 11. cxd5 Qxd5 12. Nc3 Nxc3 13. bxc3 Bf5 14. Re1 Rfe8
15. Bf4 Rac8 16. h3 h6 17. g4 Bg6 18. Bd3 Bxd3 19. Qxd3 Qd7 20. d5 Bf6 1/2-1/2

[Event "8th HD Bank Cup 2018"]
[Site "Hanoi VIE"]
[Date "2018.03.14"]
[Round "8.39"]
[White "Nguyen, Phuoc Tam"]
[Black "Dimakiling, Oliver"]
[Result "1-0"]
[BlackTitle "IM"]
[WhiteElo "2169"]
[BlackElo "2441"]
[WhiteFideId "12402109"]
[BlackFideId "5202248"]
[EventDate "2018.03.10"]

1. g3 d5 2. Bg2 e5 3. d3 g6 4. Nd2 Bg7 5. e4 Ne7 6. Ngf3 O-O 7. O-O Nbc6 8. c3
a5 9. Qc2 h6 10. Re1 a4 11. exd5 Nxd5 12. Nc4 Re8 13. Bd2 b5 14. Ne3 Nb6 15.
Rad1 Be6 16. b3 Qd7 17. d4 axb3 18. axb3 exd4 19. cxd4 Nd5 20. Ne5 Nxe5 21. dxe5
c6 22. h4 Ra6 23. h5 gxh5 24. Be4 Qa7 25. Nf5 Bxf5 26. Bxf5 Rxe5 27. Rxe5 Bxe5
28. Bxh6 Ra2 29. Rxd5 Bf6 30. Qc5 Qa8 31. Rd1 Re2 32. Be3 h4 33. Bd3 Ra2 34. Bf5
Ra1 1-0

[Event "8th HD Bank Cup 2018"]
[Site "Hanoi VIE"]
[Date "2018.03.14"]
[Round "8.40"]
[White "Vogt, Lothar"]
[Black "Alfred, Nathan S W"]
[Result "1/2-1/2"]
[WhiteTitle "GM"]
[BlackTitle "FM"]
[WhiteElo "2402"]
[BlackElo "2208"]
[WhiteFideId "4611292"]
[BlackFideId "407739"]
[EventDate "2018.03.10"]

1. e4 c5 2. c3 e6 3. Nf3 d5 4. exd5 Qxd5 5. d4 Nf6 6. Be3 Be7 7. Bd3 O-O 8. O-O
Rd8 9. Qe2 Nc6 10. Rd1 cxd4 11. cxd4 b6 12. Nc3 Qh5 13. Ne5 Qxe2 14. Bxe2 Bb7
15. Bf3 Nd5 16. Nxd5 exd5 17. Rac1 Na5 18. b3 Ba3 19. Rb1 Nc6 20. Nxc6 Bxc6 21.
b4 1/2-1/2

[Event "8th HD Bank Cup 2018"]
[Site "Hanoi VIE"]
[Date "2018.03.14"]
[Round "8.41"]
[White "Emperado, Emmanuel"]
[Black "Rathnakaran, K."]
[Result "0-1"]
[BlackTitle "IM"]
[WhiteElo "2232"]
[BlackElo "2395"]
[WhiteFideId "5209960"]
[BlackFideId "5005507"]
[EventDate "2018.03.10"]

1. c3 g5 2. d4 h6 3. h4 g4 4. e4 d5 5. e5 c5 6. Be2 cxd4 7. cxd4 h5 8. f3 f5 9.
Nc3 e6 10. Be3 Nc6 11. Qd2 a6 12. Bd3 Nge7 13. fxg4 hxg4 14. Nge2 Bd7 15. g3 Qc7
16. Rc1 Bg7 17. Na4 b6 18. b3 Qb7 19. Bf4 Ng6 20. Bb1 Bf8 21. Qb2 Rc8 22. O-O
Be7 23. Kg2 Ncxe5 24. Rxc8+ Bxc8 25. Bxe5 Nxe5 26. dxe5 d4+ 27. Kg1 b5 28. Qxd4
bxa4 29. Qxa4+ Bd7 30. Qd4 Qb5 0-1

[Event "8th HD Bank Cup 2018"]
[Site "Hanoi VIE"]
[Date "2018.03.14"]
[Round "8.42"]
[White "Shyaamnikhil, P"]
[Black "Quizon, Daniel"]
[Result "1/2-1/2"]
[WhiteTitle "IM"]
[WhiteElo "2394"]
[BlackElo "2204"]
[WhiteFideId "5024218"]
[BlackFideId "5217911"]
[EventDate "2018.03.10"]

1. e4 c5 2. Nf3 e6 3. d4 cxd4 4. Nxd4 a6 5. Be2 Qc7 6. O-O Nf6 7. Nc3 d6 8. a4
b6 9. f4 Bb7 10. Bf3 Nbd7 11. Qe2 e5 12. Nb3 Be7 13. g4 Nc5 14. Nxc5 Qxc5+ 15.
Be3 Qc7 16. g5 Nd7 17. Bg2 exf4 18. Bxf4 O-O 19. Nd5 Bxd5 20. exd5 Rfc8 21. Qf2
f6 22. gxf6 1/2-1/2

[Event "8th HD Bank Cup 2018"]
[Site "Hanoi VIE"]
[Date "2018.03.14"]
[Round "8.43"]
[White "Kulkarni, Chinmay"]
[Black "Vo, Thanh Ninh"]
[Result "1-0"]
[BlackTitle "IM"]
[WhiteElo "2215"]
[BlackElo "2370"]
[WhiteFideId "5023513"]
[BlackFideId "12402141"]
[EventDate "2018.03.10"]

1. e4 c5 2. Nf3 Nc6 3. d4 cxd4 4. Nxd4 g6 5. Nc3 Bg7 6. Be3 Nf6 7. Nxc6 bxc6 8.
e5 Ng8 9. Bd4 Nh6 10. e6 f6 11. exd7+ Qxd7 12. Bc4 Nf7 13. O-O O-O 14. Bc5 Qb7
15. Re1 Re8 16. Qf3 e6 17. Bb3 f5 18. Rad1 e5 19. Ba3 Be6 20. Bxe6 Rxe6 21. Na4
Qb5 22. Nc5 e4 23. Qg3 Re5 24. Nb3 Rd8 25. Rc1 1-0

[Event "8th HD Bank Cup 2018"]
[Site "Hanoi VIE"]
[Date "2018.03.14"]
[Round "8.44"]
[White "Manush, Shah"]
[Black "Gu, Xiaobing"]
[Result "1/2-1/2"]
[BlackTitle "WGM"]
[WhiteElo "2202"]
[BlackElo "2354"]
[WhiteFideId "5040680"]
[BlackFideId "8602611"]
[EventDate "2018.03.10"]

1. d4 Nf6 2. Nf3 d6 3. Nc3 Nbd7 4. e4 e5 5. Be2 Be7 6. O-O O-O 7. h3 a6 8. a4 b6
9. dxe5 Nxe5 10. Nxe5 dxe5 11. Bc4 Bb7 12. Qe2 c6 13. Bb3 b5 14. axb5 axb5 15.
Rxa8 Qxa8 16. f4 exf4 17. e5 Nd5 18. Nxd5 cxd5 19. Bxf4 b4 20. Rd1 Re8 21. Qg4
Bc5+ 22. Kh2 Re6 23. Qf5 Rg6 24. Qd7 h6 25. Bxd5 Bxd5 26. Qxd5 Qa7 27. Qe4 Qb6
28. Rd7 Qa6 29. Rd8+ Kh7 30. Rd1 Qe6 31. Bg3 Be7 32. Rf1 Kg8 1/2-1/2

[Event "8th HD Bank Cup 2018"]
[Site "Hanoi VIE"]
[Date "2018.03.14"]
[Round "8.45"]
[White "Snehal, Bhosale"]
[Black "Duong, The Anh"]
[Result "1-0"]
[BlackTitle "IM"]
[WhiteElo "2105"]
[BlackElo "2327"]
[WhiteFideId "5021995"]
[BlackFideId "12401277"]
[EventDate "2018.03.10"]

1. e4 c5 2. Nf3 d6 3. Bb5+ Nd7 4. O-O a6 5. Bxd7+ Bxd7 6. d4 cxd4 7. Qxd4 e5 8.
Qd3 h6 9. c4 Nf6 10. Nc3 Be7 11. a4 O-O 12. b3 Be6 13. Ba3 Qc7 14. Rac1 Rac8 15.
Rfd1 Rfd8 16. Nd2 Qb6 17. Nd5 Nxd5 18. cxd5 Bg4 19. Nc4 Qa7 20. Re1 Bg5 21. Ra1
Qb8 22. h3 Bh5 23. a5 Bg6 24. Qc3 f5 25. exf5 Bxf5 26. Qb4 Bg6 27. Qb6 Rxc4 28.
bxc4 Bd2 29. Re2 Bc3 30. Rd1 Bh5 31. g4 Bg6 1-0

[Event "8th HD Bank Cup 2018"]
[Site "Hanoi VIE"]
[Date "2018.03.14"]
[Round "8.46"]
[White "Nguyen, Quoc Hy"]
[Black "Lee, Jun Hyeok"]
[Result "0-1"]
[WhiteTitle "CM"]
[BlackTitle "FM"]
[WhiteElo "2039"]
[BlackElo "2286"]
[WhiteFideId "12410853"]
[BlackFideId "13202340"]
[EventDate "2018.03.10"]

1. Nf3 g6 2. d4 Bg7 3. e4 d6 4. Nc3 a6 5. a4 b6 6. Be3 Nd7 7. d5 Ngf6 8. Nd4 O-O
9. Be2 Bb7 10. Qd2 Nc5 11. f3 e5 12. Nb3 a5 13. O-O-O Nh5 14. g3 Qe7 15. Bh6 Nf6
16. g4 Nxb3+ 17. cxb3 Bxh6 18. Qxh6 Nd7 19. h4 Nc5 20. Bc4 f6 21. Qe3 f5 22.
gxf5 gxf5 23. Rdg1+ Kh8 24. Qg5 Qxg5+ 25. hxg5 Kg8 26. Rh6 fxe4 27. fxe4 0-1

[Event "8th HD Bank Cup 2018"]
[Site "Hanoi VIE"]
[Date "2018.03.14"]
[Round "8.47"]
[White "Jishitha, D"]
[Black "Nguyen, Thi Thanh An"]
[Result "0-1"]
[WhiteTitle "WFM"]
[BlackTitle "WGM"]
[WhiteElo "2099"]
[BlackElo "2274"]
[WhiteFideId "35031660"]
[BlackFideId "12400300"]
[EventDate "2018.03.10"]

1. c4 g6 2. e4 Bg7 3. d4 Nc6 4. Be3 e5 5. d5 Nd4 6. Bxd4 exd4 7. Bd3 c5 8. f4 d6
9. Nf3 Ne7 10. O-O O-O 11. Nbd2 Kh8 12. f5 Ng8 13. g4 Bh6 14. Kh1 Be3 15. Qe1
Qe7 16. Rd1 a6 17. Qh4 g5 18. Qh3 f6 19. Rfe1 Bd7 20. Nf1 Bf4 21. Ng3 Rab8 22.
b3 b5 23. Rb1 Rb6 24. Qg2 Rfb8 25. Nh5 Be3 0-1

[Event "8th HD Bank Cup 2018"]
[Site "Hanoi VIE"]
[Date "2018.03.14"]
[Round "8.48"]
[White "Abelgas, Roel"]
[Black "Bhambure, Shantanu"]
[Result "1-0"]
[WhiteTitle "FM"]
[WhiteElo "2273"]
[BlackElo "2135"]
[WhiteFideId "5200970"]
[BlackFideId "5025931"]
[EventDate "2018.03.10"]

1. d4 d5 2. c4 e6 3. Nf3 c6 4. Nc3 dxc4 5. a4 Bb4 6. e3 b5 7. Be2 Bb7 8. O-O a6
9. Ne5 Nf6 10. Bf3 Nd5 11. Na2 Be7 12. e4 Nf6 13. Be3 O-O 14. b3 cxb3 15. Qxb3
Nbd7 16. Nxd7 Qxd7 17. Rac1 Rac8 18. Rfd1 Rfd8 19. Nb4 bxa4 20. Qc4 c5 21. dxc5
Qb5 22. Rxd8+ Rxd8 23. c6 Bc8 24. c7 Nd7 25. Nc6 1-0

[Event "8th HD Bank Cup 2018"]
[Site "Hanoi VIE"]
[Date "2018.03.14"]
[Round "8.49"]
[White "Liu, Zhaoqi"]
[Black "Sharma, Dinesh K."]
[Result "1/2-1/2"]
[BlackTitle "IM"]
[WhiteElo "2133"]
[BlackElo "2247"]
[WhiteFideId "8609381"]
[BlackFideId "5004110"]
[EventDate "2018.03.10"]

1. c4 c6 2. e4 d5 3. exd5 cxd5 4. d4 Nf6 5. Nc3 e6 6. Nf3 Bb4 7. Bd3 dxc4 8.
Bxc4 O-O 9. O-O b6 10. Qe2 Bb7 11. Rd1 Nbd7 12. Bd3 Bxc3 13. bxc3 Qc7 14. c4
Rfe8 15. Bb2 Rac8 16. Ne5 Nf8 17. a4 N6d7 18. Nxd7 Qxd7 19. a5 Bc6 20. Qg4 f5 1/2-1/2

[Event "8th HD Bank Cup 2018"]
[Site "Hanoi VIE"]
[Date "2018.03.14"]
[Round "8.50"]
[White "Vo, Thi Kim Phung"]
[Black "Bach, Ngoc Thuy Duong"]
[Result "0-1"]
[WhiteTitle "WGM"]
[BlackTitle "WFM"]
[WhiteElo "2425"]
[BlackElo "2000"]
[WhiteFideId "12401838"]
[BlackFideId "12408956"]
[EventDate "2018.03.10"]

1. d4 d5 2. c4 e6 3. Nc3 c6 4. e3 Nf6 5. Nf3 Nbd7 6. Bd3 dxc4 7. Bxc4 b5 8. Be2
Bd6 9. e4 e5 10. d5 cxd5 11. Nxb5 Nb6 12. exd5 Nfxd5 13. a4 a5 14. Nxd6+ Qxd6
15. b3 Qb4+ 16. Bd2 Qe7 17. Bb5+ Bd7 18. Bxd7+ Nxd7 19. O-O O-O 20. Qe1 Rfb8 21.
Bxa5 Nc5 22. Rd1 Nf4 23. Bb4 f6 24. Bxc5 Qxc5 25. Qe4 Ra7 26. Rc1 Qb6 27. g3 Ne6
28. Rc3 Rd7 29. Rfc1 Rbd8 30. Qc4 Kf7 31. Qe2 Qb4 32. Qc2 Qg4 33. Re1 Nf4 0-1

[Event "8th HD Bank Cup 2018"]
[Site "Hanoi VIE"]
[Date "2018.03.14"]
[Round "8.51"]
[White "Hoang, Thi Bao Tram"]
[Black "Divya, Deshmukh"]
[Result "0-1"]
[WhiteTitle "WGM"]
[BlackTitle "WFM"]
[WhiteElo "2410"]
[BlackElo "2138"]
[WhiteFideId "12401102"]
[BlackFideId "35006916"]
[EventDate "2018.03.10"]

1. d4 d5 2. c4 e6 3. Nc3 f5 4. e3 Nf6 5. Qc2 c6 6. Bd3 Ne4 7. Nge2 Bd6 8. g3 Ng5
9. Ng1 a6 10. f3 O-O 11. Nce2 dxc4 12. Qxc4 Qc7 13. Kf2 b5 14. Qc2 Bb7 15. Nf4
Qe7 16. Bd2 c5 17. dxc5 Bxc5 18. Rc1 Nd7 19. Qb3 Rae8 20. a4 Ne5 21. Be2 bxa4
22. Qxa4 Rd8 23. Ba5 Rc8 24. Rxc5 Qxc5 25. h4 Ng4+ 26. fxg4 Ne4+ 27. Ke1 Qxe3
28. Nd3 Qxg3+ 29. Kd1 Qg2 0-1

[Event "8th HD Bank Cup 2018"]
[Site "Hanoi VIE"]
[Date "2018.03.14"]
[Round "8.52"]
[White "Pham, Xuan Dat"]
[Black "Li, Ruofan"]
[Result "1/2-1/2"]
[BlackTitle "IM"]
[WhiteElo "2118"]
[BlackElo "2351"]
[WhiteFideId "12401307"]
[BlackFideId "8600643"]
[EventDate "2018.03.10"]

1. Nf3 Nf6 2. g3 d5 3. Bg2 g6 4. O-O Bg7 5. d4 O-O 6. c4 dxc4 7. Na3 c3 8. bxc3
c5 9. e3 Nc6 10. Qe2 Qa5 11. Bb2 Bf5 12. Nd2 cxd4 13. cxd4 Qb4 14. Nac4 Rad8 15.
a4 Rfe8 16. Rfc1 e5 17. Bc3 Qe7 18. dxe5 Nd7 19. f4 Nc5 20. e4 Bd7 21. Nd6 Rf8
22. Qe3 b6 23. a5 1/2-1/2

[Event "8th HD Bank Cup 2018"]
[Site "Hanoi VIE"]
[Date "2018.03.14"]
[Round "8.53"]
[White "Le, Huu Thai"]
[Black "Looi, Xin Hao"]
[Result "1-0"]
[WhiteTitle "CM"]
[WhiteElo "2223"]
[BlackElo "2104"]
[WhiteFideId "12402460"]
[BlackFideId "5702828"]
[EventDate "2018.03.10"]

1. d4 d5 2. Bf4 Nf6 3. e3 e6 4. Nd2 Bd6 5. Bg3 c5 6. c3 Nc6 7. Ngf3 O-O 8. Bd3
Bxg3 9. hxg3 Qd6 10. g4 g6 11. dxc5 Qxc5 12. g5 Nd7 13. Qa4 f5 14. gxf6 Rxf6 15.
Qh4 Qe7 16. e4 Nf8 17. O-O-O d4 18. e5 Rf7 19. Qxe7 Rxe7 20. cxd4 Nb4 21. Bc4 b5
22. Bxb5 Nxa2+ 23. Kb1 Rb8 24. Kxa2 Rxb5 25. Ne4 Ba6 26. Nd6 Rb8 27. Ng5 Bb7 28.
f3 Bd5+ 29. Kb1 a5 30. Rd3 a4 31. Rc1 Ra7 32. Rcc3 Nd7 33. Nge4 Kg7 34. Kc1 h6
35. Rd2 Rb3 1-0

[Event "8th HD Bank Cup 2018"]
[Site "Hanoi VIE"]
[Date "2018.03.14"]
[Round "8.54"]
[White "Doan, Van Duc"]
[Black "Sihite, Chelsie Monica Ignesias"]
[Result "1/2-1/2"]
[BlackTitle "WIM"]
[WhiteElo "2112"]
[BlackElo "2189"]
[WhiteFideId "12400335"]
[BlackFideId "7101198"]
[EventDate "2018.03.10"]

1. Nf3 d6 2. d4 Nd7 3. g3 e5 4. Bg2 Be7 5. O-O Ngf6 6. c4 O-O 7. Nc3 c6 8. e4 b5
9. cxb5 cxb5 10. Nxb5 Ba6 11. a4 Bxb5 12. axb5 Qb6 13. Qa4 Rfb8 14. dxe5 dxe5
15. Be3 Qxb5 16. Qxb5 Rxb5 17. Bxa7 Rxa7 18. Rxa7 Rxb2 19. Rc1 h6 20. Bh3 g5 1/2-1/2

[Event "8th HD Bank Cup 2018"]
[Site "Hanoi VIE"]
[Date "2018.03.14"]
[Round "8.55"]
[White "Le, Minh Hoang"]
[Black "Thipsay, Bagyashree Sathe"]
[Result "1-0"]
[WhiteTitle "CM"]
[BlackTitle "WIM"]
[WhiteElo "2184"]
[BlackElo "2000"]
[WhiteFideId "12404683"]
[BlackFideId "5001013"]
[EventDate "2018.03.10"]

1. e4 c6 2. c4 d5 3. exd5 cxd5 4. cxd5 Nf6 5. Bb5+ Nbd7 6. Nc3 g6 7. d4 Bg7 8.
d6 exd6 9. Qe2+ Qe7 10. Bf4 Kf8 11. Nf3 Nb6 12. O-O a6 13. Qxe7+ Kxe7 14. Ba4
Rd8 15. Bb3 h6 16. a4 Bg4 17. Nd2 Be6 18. Rfe1 Kd7 19. Bxe6+ fxe6 20. Nde4 Nxe4
21. Nxe4 Bf8 22. Nf6+ Ke7 23. Ng8+ Kf7 24. Nxh6+ 1-0

[Event "8th HD Bank Cup 2018"]
[Site "Hanoi VIE"]
[Date "2018.03.14"]
[Round "8.56"]
[White "Vatsal, Singhania"]
[Black "Kulkarni, Vinayak"]
[Result "1/2-1/2"]
[WhiteElo "2090"]
[BlackElo "2161"]
[WhiteFideId "25033972"]
[BlackFideId "5021332"]
[EventDate "2018.03.10"]

1. e4 c5 2. Nf3 Nc6 3. d4 cxd4 4. Nxd4 Nf6 5. Nc3 e5 6. Ndb5 d6 7. Bg5 a6 8. Na3
b5 9. Nd5 Be7 10. Bxf6 Bxf6 11. c4 b4 12. Nc2 a5 13. g3 O-O 1/2-1/2

[Event "8th HD Bank Cup 2018"]
[Site "Hanoi VIE"]
[Date "2018.03.14"]
[Round "8.57"]
[White "Luong, Phuong Hanh"]
[Black "Tran, Le Dan Thuy"]
[Result "1-0"]
[WhiteTitle "WIM"]
[BlackTitle "WFM"]
[WhiteElo "2192"]
[BlackElo "2036"]
[WhiteFideId "12401013"]
[BlackFideId "12403407"]
[EventDate "2018.03.10"]

1. d4 d5 2. c4 e6 3. Nf3 Nf6 4. g3 b6 5. Bg2 Bb7 6. O-O c5 7. cxd5 Bxd5 8. Nc3
Bc6 9. Be3 Nbd7 10. Qc2 Rc8 11. Rfd1 Qc7 12. Rac1 Qb7 13. dxc5 Bxc5 14. Bxc5
bxc5 15. Rd6 O-O 16. Rcd1 Nb6 17. h4 Nc4 18. Rxc6 Rxc6 19. Ng5 Qxb2 20. Qxb2
Nxb2 21. Bxc6 Nxd1 22. Nxd1 Nd5 23. Ba4 Rb8 24. Bc2 h6 25. Ne4 Rb4 26. Nd2 Kf8
27. Kf1 Ke7 28. Ke1 Rb8 29. a3 Nc7 30. Nc4 Nb5 31. a4 Nd4 32. Bd3 Rb4 33. Nc3 f5
34. e3 Nc6 35. Kd2 Kf6 36. Na3 Rb2+ 37. Bc2 Ne5 38. Ncb5 a6 39. f4 Nf3+ 40. Kc1
Rb4 41. Nc7 Rb6 42. Nc4 Rc6 43. Na8 e5 44. Bd1 e4 45. Nab6 g5 46. hxg5+ hxg5 47.
a5 Ke7 48. fxg5 Rg6 49. Nd5+ Ke8 50. Ba4+ Kf7 51. Bd7 Rxg5 52. Nd6+ Kf8 53. Nxf5
Ne5 54. Bc8 Nc6 55. Nf6 Rg6 56. Nxe4 1-0

[Event "8th HD Bank Cup 2018"]
[Site "Hanoi VIE"]
[Date "2018.03.14"]
[Round "8.59"]
[White "Nguyen, Hoang Nam"]
[Black "Samant, Aditya S"]
[Result "0-1"]
[WhiteTitle "CM"]
[WhiteElo "2188"]
[BlackElo "2107"]
[WhiteFideId "12402133"]
[BlackFideId "35080580"]
[EventDate "2018.03.10"]

1. e3 Nf6 2. b3 d5 3. Bb2 Bf5 4. f4 e6 5. Nf3 Be7 6. Be2 O-O 7. O-O c5 8. Ne5 h6
9. d3 Bh7 10. Nd2 Nfd7 11. Ndf3 Nxe5 12. fxe5 Nc6 13. Qd2 f6 14. c4 d4 15. exd4
cxd4 16. exf6 Bxf6 17. Rae1 Qd7 18. b4 Ne7 19. Bd1 Nf5 20. Bb3 Ne3 21. Rf2 e5
22. Rfe2 Rad8 23. Rf2 Qg4 24. Qe2 Qg6 25. c5+ Kh8 26. Bc4 Nxc4 27. dxc4 e4 28.
Nxd4 Rxd4 29. Bxd4 Bxd4 0-1

[Event "8th HD Bank Cup 2018"]
[Site "Hanoi VIE"]
[Date "2018.03.14"]
[Round "8.61"]
[White "Pham, Thi Thu Hien"]
[Black "Nguyen, Thi Mai Hung"]
[Result "1/2-1/2"]
[BlackTitle "WGM"]
[WhiteElo "2138"]
[BlackElo "2321"]
[WhiteFideId "12402575"]
[BlackFideId "12401676"]
[EventDate "2018.03.10"]

1. e4 e6 2. d4 d5 3. Nc3 Nf6 4. e5 Nfd7 5. f4 c5 6. Nf3 Nc6 7. Be3 Be7 8. Qd2
O-O 9. dxc5 Bxc5 10. Bxc5 Nxc5 11. O-O-O a6 1/2-1/2

[Event "8th HD Bank Cup 2018"]
[Site "Hanoi VIE"]
[Date "2018.03.14"]
[Round "8.62"]
[White "Yee, Soon Wei"]
[Black "Priyanka, K"]
[Result "1-0"]
[WhiteTitle "FM"]
[WhiteElo "2263"]
[BlackElo "2087"]
[WhiteFideId "10500553"]
[BlackFideId "5082986"]
[EventDate "2018.03.10"]

1. e4 c5 2. Nf3 d6 3. Bb5+ Nd7 4. d4 a6 5. Bxd7+ Bxd7 6. dxc5 dxc5 7. Nc3 e6 8.
Bf4 Ne7 9. Bd6 Ng6 10. Bxf8 Nxf8 11. Qd6 Qe7 12. O-O-O Ng6 13. Qb6 Bc6 14. Nd5
exd5 15. exd5 Bxd5 16. Rxd5 O-O 17. Re1 Qf6 18. Qxf6 gxf6 19. Rxc5 Rac8 20. Rxc8
Rxc8 21. g3 Kf8 22. c3 b5 23. Kd2 Ne7 24. Nd4 Nd5 25. a3 Nb6 26. f4 Rd8 27. Kc2
Rc8 28. Kb3 Nd5 29. a4 bxa4+ 30. Kxa4 Rb8 31. Re2 Nb6+ 32. Ka5 Nc4+ 33. Kxa6
Rxb2 34. Rxb2 Nxb2 35. Kb5 Ke7 36. c4 1-0

[Event "8th HD Bank Cup 2018"]
[Site "Hanoi VIE"]
[Date "2018.03.14"]
[Round "8.63"]
[White "Kwon, Sehyun"]
[Black "Nguyen, Hoai Nam"]
[Result "0-1"]
[WhiteTitle "CM"]
[WhiteElo "2169"]
[BlackElo "2177"]
[WhiteFideId "13203088"]
[BlackFideId "12415880"]
[EventDate "2018.03.10"]

1. e4 c5 2. Nf3 Nc6 3. Bb5 g6 4. Bxc6 dxc6 5. d3 Bg7 6. h3 Nf6 7. Nc3 Nd7 8. Be3
e5 9. Qd2 h6 10. O-O Qe7 11. Nh2 Nf8 12. f4 exf4 13. Bxf4 Ne6 14. Bg3 O-O 15.
Rae1 Nd4 16. Nf3 Be6 17. e5 Nf5 18. Bf2 Rad8 19. Ne4 b6 20. c3 0-1